000 00330nam a2200145Ia 4500
008 230711s9999||||xx |||||||||||||| ||und||
041 _aENG
082 _a621
_bSH-I
100 _aNarayan,Shanti
245 0 _aIntegral calculas
250 _a2nd
260 _c1991
_aNew Delhi
_bS.K Kataria & Sons
650 _aMathematics
942 _cBK
999 _c3
_d3